<?xml version="1.0" encoding="UTF-8"?>
<collection xmlns="http://www.loc.gov/MARC21/slim">
 <record>
  <leader>02750cam a2200433 cb4500</leader>
  <controlfield tag="001">1073390187</controlfield>
  <controlfield tag="003">DE-627</controlfield>
  <controlfield tag="005">20251210124651.0</controlfield>
  <controlfield tag="007">tu</controlfield>
  <controlfield tag="008">850101s1972    be |||||      00| ||eng c</controlfield>
  <datafield tag="035" ind1=" " ind2=" ">
   <subfield code="a">(DE-627)1073390187</subfield>
  </datafield>
  <datafield tag="035" ind1=" " ind2=" ">
   <subfield code="a">(DE-576)003390187</subfield>
  </datafield>
  <datafield tag="035" ind1=" " ind2=" ">
   <subfield code="a">(DE-599)BSZ003390187</subfield>
  </datafield>
  <datafield tag="035" ind1=" " ind2=" ">
   <subfield code="a">(OCoLC)1525855241</subfield>
  </datafield>
  <datafield tag="035" ind1=" " ind2=" ">
   <subfield code="a">(OCoLC)00743400</subfield>
  </datafield>
  <datafield tag="035" ind1=" " ind2=" ">
   <subfield code="a">(OCoLC)1078703475</subfield>
  </datafield>
  <datafield tag="040" ind1=" " ind2=" ">
   <subfield code="a">DE-627</subfield>
   <subfield code="b">ger</subfield>
   <subfield code="c">DE-627</subfield>
   <subfield code="e">rakwb</subfield>
  </datafield>
  <datafield tag="041" ind1=" " ind2=" ">
   <subfield code="a">eng</subfield>
  </datafield>
  <datafield tag="044" ind1=" " ind2=" ">
   <subfield code="c">XA-BE</subfield>
  </datafield>
  <datafield tag="084" ind1=" " ind2=" ">
   <subfield code="a">9,10</subfield>
   <subfield code="2">ssgn</subfield>
  </datafield>
  <datafield tag="084" ind1=" " ind2=" ">
   <subfield code="a">LI 75900</subfield>
   <subfield code="2">rvk</subfield>
   <subfield code="0">(DE-625)rvk/96992:13278</subfield>
  </datafield>
  <datafield tag="084" ind1=" " ind2=" ">
   <subfield code="a">LI 75905</subfield>
   <subfield code="2">rvk</subfield>
   <subfield code="0">(DE-625)rvk/96992:13283</subfield>
  </datafield>
  <datafield tag="100" ind1="1" ind2=" ">
   <subfield code="a">Martin, John Rupert</subfield>
   <subfield code="d">1916-2000</subfield>
   <subfield code="0">(DE-588)132159880</subfield>
   <subfield code="0">(DE-627)518683990</subfield>
   <subfield code="0">(DE-576)298977656</subfield>
   <subfield code="4">aut</subfield>
  </datafield>
  <datafield tag="245" ind1="1" ind2="4">
   <subfield code="a">The decorations for the Pompa Introitus Ferdinandi</subfield>
   <subfield code="c">John Rupert Martin</subfield>
  </datafield>
  <datafield tag="264" ind1=" " ind2="1">
   <subfield code="a">Brussels</subfield>
   <subfield code="b">Arcade Press</subfield>
   <subfield code="c">1972</subfield>
  </datafield>
  <datafield tag="300" ind1=" " ind2=" ">
   <subfield code="a">278, [99] S.</subfield>
   <subfield code="b">zahlr. Ill.</subfield>
  </datafield>
  <datafield tag="336" ind1=" " ind2=" ">
   <subfield code="a">Text</subfield>
   <subfield code="b">txt</subfield>
   <subfield code="2">rdacontent</subfield>
  </datafield>
  <datafield tag="337" ind1=" " ind2=" ">
   <subfield code="a">ohne Hilfsmittel zu benutzen</subfield>
   <subfield code="b">n</subfield>
   <subfield code="2">rdamedia</subfield>
  </datafield>
  <datafield tag="338" ind1=" " ind2=" ">
   <subfield code="a">Band</subfield>
   <subfield code="b">nc</subfield>
   <subfield code="2">rdacarrier</subfield>
  </datafield>
  <datafield tag="490" ind1="1" ind2=" ">
   <subfield code="a">Corpus Rubenianum Ludwig Burchard / ed. by the Nationaal Centrum voor de Plastische Kunsten van de XVIde en XVIIde Eeuw</subfield>
   <subfield code="v">16</subfield>
  </datafield>
  <datafield tag="583" ind1="1" ind2=" ">
   <subfield code="a">Archivierung/Langzeitarchivierung gewährleistet</subfield>
   <subfield code="f">SSG</subfield>
   <subfield code="x">XA-DE-BW</subfield>
   <subfield code="2">pdager</subfield>
   <subfield code="5">DE-16</subfield>
  </datafield>
  <datafield tag="787" ind1="0" ind2="8">
   <subfield code="i">Rezensiert in</subfield>
   <subfield code="a">Baumstark, Reinhold, 1944 - </subfield>
   <subfield code="t">[Rezension von: John Rupert Martin, The Decorations for the Pompa Introitus Ferdinandi]</subfield>
   <subfield code="d">Nürnberg : Carl, 1973</subfield>
   <subfield code="w">(DE-627)1691919500</subfield>
  </datafield>
  <datafield tag="787" ind1="0" ind2="8">
   <subfield code="i">Rezensiert in</subfield>
   <subfield code="a">Chrościcki, Juliusz A., 1942 - 2024</subfield>
   <subfield code="t">[Rezension von: John Rupert Martin, The ceiling paintings for the Jesuit church in Antwerp - Hans Vlieghe, Saints I + II - Svetlana Alpers, The decoration of the Torre de la Parada - John Rupert Martin, The decorations for the Pompa Introitus Ferdinandi]</subfield>
   <subfield code="d">1974</subfield>
   <subfield code="w">(DE-627)166941096X</subfield>
  </datafield>
  <datafield tag="830" ind1=" " ind2="0">
   <subfield code="a">Corpus Rubenianum Ludwig Burchard</subfield>
   <subfield code="v">16</subfield>
   <subfield code="9">16</subfield>
   <subfield code="w">(DE-627)1070756261</subfield>
   <subfield code="w">(DE-576)000756261</subfield>
   <subfield code="7">am</subfield>
  </datafield>
  <datafield tag="936" ind1="r" ind2="v">
   <subfield code="a">LI 75900</subfield>
   <subfield code="b">Werkverzeichnisse, Ausstellungskataloge. Personalbibliografien</subfield>
   <subfield code="k">Kunstgeschichte</subfield>
   <subfield code="k">Künstler-Monografien</subfield>
   <subfield code="k">Alphabetische Künstlerliste</subfield>
   <subfield code="k">Künstler R</subfield>
   <subfield code="k">Rubens, Peter Paul (bis 75910)</subfield>
   <subfield code="k">Werkverzeichnisse, Ausstellungskataloge. Personalbibliografien</subfield>
   <subfield code="0">(DE-627)1270707418</subfield>
   <subfield code="0">(DE-625)rvk/96992:13278</subfield>
   <subfield code="0">(DE-576)200707418</subfield>
  </datafield>
  <datafield tag="936" ind1="r" ind2="v">
   <subfield code="a">LI 75905</subfield>
   <subfield code="b">Biografien, Werkdarstellungen, Gedenkreden und andere Gesamtwürdigungen (Sammelwerke, Festschriften etc.)</subfield>
   <subfield code="k">Kunstgeschichte</subfield>
   <subfield code="k">Künstler-Monografien</subfield>
   <subfield code="k">Alphabetische Künstlerliste</subfield>
   <subfield code="k">Künstler R</subfield>
   <subfield code="k">Rubens, Peter Paul (bis 75910)</subfield>
   <subfield code="k">Biografien, Werkdarstellungen, Gedenkreden und andere Gesamtwürdigungen (Sammelwerke, Festschriften etc.)</subfield>
   <subfield code="0">(DE-627)1271617927</subfield>
   <subfield code="0">(DE-625)rvk/96992:13283</subfield>
   <subfield code="0">(DE-576)201617927</subfield>
  </datafield>
  <datafield tag="951" ind1=" " ind2=" ">
   <subfield code="a">MV</subfield>
  </datafield>
  <datafield tag="991" ind1=" " ind2=" ">
   <subfield code="a">Rezensiertes Werk</subfield>
  </datafield>
  <datafield tag="999" ind1=" " ind2=" ">
   <subfield code="a">KXP-PPN1073390187</subfield>
   <subfield code="e">4054726496</subfield>
  </datafield>
 </record>
</collection>
